Score 0/20 Timer 02:00
0 Plays Today
Boy Band Missing Word % Correct
Backstreet BoysWay
96.3%
Backstreet BoysLife
95.5%
Backstreet BoysPlaying
95.4%
New Kids On The BlockStep
89.9%
Backstreet BoysLong
89.3%
'N SyncBye
88.6%
'N SyncHeart
86.9%
Boyz II MenLove
82.7%
Boyz II MenKnee
69.1%
New Kids On The BlockRight
68.5%
Boy Band Missing Word % Correct
'N SyncGod
62.9%
'N SyncMe
60.2%
Boyz II MenRoad
44.5%
'N SyncThinking
42.8%
New Kids On The BlockTough
32.7%
Boyz II MenRuns
28.3%
Backstreet BoysShape
26.1%
New Kids On The BlockGirl
24.8%
Boyz II MenSeasons
8.2%
New Kids On The BlockCover
5.7%

Today's Daily Dose

Quick Pick
Colorful Movies

Get the Picture
Dog Breeds II

Remove Ads.
Support Sporcle.
Get the best of Sporcle when you Go Orange. This ad-free experience offers more features, more stats, and more fun while also helping to support Sporcle. Thank you for becoming a member.

You're not logged in!

Compare scores with friends on all Sporcle quizzes.
OR
Log In

Show Comments

Extras

Top Quizzes Today


Score Distribution

Your Account Isn't Verified!

In order to create a playlist on Sporcle, you need to verify the email address you used during registration. Go to your Sporcle Settings to finish the process.

Report this User

Report this user for behavior that violates our Community Guidelines.

Details: